Kaamelott - Citations - Statistiques

Statistiques générales
  • Ce quiz a été pris 1 132 fois
  • Le résultat moyen est 16 sur 28
Statistiques - réponses
Hint Réponse % Correct
Le gras, c'est la vie ! Karadoc
98%
Voilà ! Quand on se fâche, il y a toujours un résultat. Léodagan
83%
La bouffe est interdite en dehors des heures de repas ! Séli
82%
J’ai raté. Mais je ne veux pas qu’on dise que j’ai rien foutu. Parce que c’est pas vrai. Arthur
71%
En d’autres termes, la rigolade, c’est terminé ! Léodagan
71%
Et voilà ! C’est tout ce qu’il y a ! Unisson, quarte, quinte et c’est marre ! Tous les autres intervalles, c’est de la merde ! Père Blaise
71%
Mais forcément, c’est sans alcool ! Merlin
69%
Ah, bah, excusez-moi d’avoir paniqué. Finalement, c’est pas des démons. C’est juste les pires créatures de tout l’univers. Mettons deux gardes là devant et allons boire un coup. Bohort
68%
Ou alors on catapulte un danseur. Léodagan
68%
Entre le roi Arthur, qu’est pas capable de dénicher son Graal, et la reine, qui est con comme une chaise. Le tavernier
60%
Quand on veut être sûr de son coup, on plante des navets. Loth
59%
Ce n’est pas parce qu’on invite des porcs, qu’on est obligé d’en être un soi-même. Bohort
57%
On ne devient pas général parce qu’on le mérite, andouille. On le devient par un concours de circonstances, on le mérite après. César
57%
Non, la bretagne, vous venez de la perdre. Arthur
56%
Je voudrais savoir pourquoi vous encouragez la création de clans séparatistes alors que l’une de vos premières prérogatives a toujours été de fédérer les clans bretons autour de Kaamelott et de la quête du Graal. Guenièvre
54%
Mais parce que votre vie est merdique, mon pauvre ami. [...] Vous avez choisi de vivre le train de vie d'une noix de Saint-Jacques. Loth
54%
L'homme face à l'absurde. Perceval
54%
Vous vous étonnerez pas si vous ressentez une vive douleur sur le sommet du crâne, c’est sûrement que vous aurez pris le plat à gigot dans la tronche. Séli
52%
Vous allez retourner dans votre canfouine, au trot, et si la faim persiste, mangez des moustiques : c’est nourrissant, ça coûte rien et ça débarasse. Séli
52%
Je ne peux pas être venu pour le tuer, puisque je croyais qu'il était mort. Lancelot
47%
Il faudrait savoir si vous êtes chevalier ou promoteur. Léodagan
46%
Déguerpissez de mes terres ! Périssez, êtres inférieurs ! Arthur
43%
Excusez-moi, est-ce qu’à un seul moment, j’aurais, par mégarde, montré le moindre signe de vouloir discuter avec vous ? Anna
34%
Mais… mais vous êtes une grosse morue ! Le jurisconsulte
34%
Quel roi suis-je ? Un roi sévère ? Un roi conquérant ? Vous n’êtes rien. Rien ! Vous retournerez chez vous comme vous en êtes partis. Anonymes ! Ygerne
34%
Attention, j’ai rien contre les bouseux. D’habitude, je ne mange pas avec, c’est tout. Cryda
32%
Vous savez où vous pouvez vous la mettre, votre potion. Guenièvre
30%
Vous êtes un glandeur. Un gros glandeur ! Le jurisconsulte
21%
Aucun quiz correspondant
Distribution des résultats
% des personnes avec chaque résultat
Percentile par nombre de réponses
Votre historique - résultats
Vous n’avez pas pris ce quiz